| 000 | 01013nam a2200313Ia 4500 | ||
|---|---|---|---|
| 005 | 20220317000734.0 | ||
| 008 | 160601s2004 sp g 000 0 spa | ||
| 020 | _a849784033X | ||
| 082 | 0 | 4 |
_a523.1 _bC64h |
| 100 | 1 | _aColes, Peter | |
| 245 | 1 | 0 |
_aHawking y la mente de Dios _cPeter Coles ; traducción Carme Font |
| 250 | _a1a. edición | ||
| 300 |
_a93 páginas _c20 cm |
||
| 490 | _aEncuentros contemporáneos | ||
| 504 | _aIncluye bibliografía | ||
| 534 | _tHawking and the mind of God | ||
| 600 | 1 | 4 |
_aHawking, Stephen William _d1942 _xCrítica e interpretación _953691 |
| 650 | 1 | 4 |
_2LEMB _aFísica _xInvestigaciones |
| 650 | 1 | 4 | _2LEMB |
| 650 | 1 | 4 |
_2LEMB _aFísica _xHistoria |
| 650 | 1 | 4 |
_2LEMB _aFísica cuántica |
| 700 | 1 |
_aFont, Carme _etraductor _953694 |
|
| 942 |
_2ddc _cBK |
||
| 264 |
_aBarcelona _bGedisa _c2004 |
||
| 336 |
_atexto _btxt _2rdacontent |
||
| 337 |
_asin mediación _bn _2rdamedia |
||
| 338 |
_avolumen _bnc _2rdacarrier |
||
| 040 |
_aCO-BoRNBP _bspa _erda _cCO-BoRNBP |
||
| 999 |
_c4917 _d4917 |
||